Matemática 8: octavo año de Educación Básica. Libro de ejercicios
محفوظ في:
| المؤلف الرئيسي: | |
|---|---|
| التنسيق: | كتاب |
| اللغة: | الإسبانية |
| منشور في: |
Santiago
Arrayán Siglo XXI
1996
|
| الموضوعات: | |
| الوسوم: |
إضافة وسم
لا توجد وسوم, كن أول من يضع وسما على هذه التسجيلة!
|
MARC
| LEADER | 00000nam a2200000 a 4500 | ||
|---|---|---|---|
| 001 | UCQ9990 | ||
| 003 | CL-VaPUC | ||
| 008 | 990128e19960000CL |||||||||||||||||spa|d | ||
| 082 | 0 | 4 | |a 372.7 |b RAU |2 21 |
| 100 | 0 | |a Rauld V., Isabel |e author |9 424719 | |
| 245 | 1 | 0 | |a Matemática 8: octavo año de Educación Básica. Libro de ejercicios |
| 300 | |a 70 p | ||
| 942 | |c BK | ||
| 945 | |d 19990128 00:00:00 |a crobeson | ||
| 260 | |a Santiago |b Arrayán Siglo XXI |c 1996 | ||
| 650 | 0 | |a Matemática |9 260235 | |
| 650 | 0 | |a Educación básica |9 224933 | |
| 650 | 0 | |a Números enteros |9 357374 | |
| 650 | 0 | |a Números racionales |9 316867 | |
| 650 | 0 | |a Números reales |9 270334 | |
| 650 | 0 | |a Geometría |9 264063 | |
| 650 | 0 | |a Estadísticas |9 258644 | |
| 650 | 0 | |a Matemáticas |x Enseñanza |9 875527 | |
| 583 | |a last modification |c 19990128 00:00:00 |k Rodrigo Vera | ||
| 999 | |c 278878 |d 278876 | ||
| 952 | |0 0 |1 0 |4 0 |6 372_700000000000000_RAU_1996 |7 0 |8 A |9 317682 |a BIBMAT |b BIBMAT |c E_DIDACT |d 2019-11-20 |i 1320068 |o 372.7 RAU 1996 |p 1320068 |r 2025-01-07 |w 2019-11-20 |y BK |k MAT | ||